| 000 | 01256cam a22002533a 4500 | ||
|---|---|---|---|
| 001 | 18578 | ||
| 003 | PGUSA | ||
| 005 | 20140828083409.0 | ||
| 008 | 060613s2006||||xxu|||||s|||||000 | eng d | ||
| 040 |
_aPGUSA _beng |
||
| 042 | _adc | ||
| 050 | 4 | _aBX | |
| 100 | 1 |
_aSavage, Minot J. _q(Minot Judson), _d1841-1918 |
|
| 245 | 1 | 0 |
_aOur Unitarian Gospel _h[electronic resource] / _cMinot J. Savage |
| 260 |
_bProject Gutenberg, _c2006 |
||
| 505 | 0 | _a"What do you give in place of what you take away?" -- Are there any creeds which it is wicked for us to question? -- Why have Unitarians no creed? -- The real significance of the present religious discussion -- Doubt and faith: both holy -- Is life a probation ended by death? -- Sin and atonement -- Prayer, and communion with God -- The worship of God -- Mortality natural, not statutory -- Reward and punishment -- Things which doubt cannot destroy -- Evolution loses nothing of value to man -- Why are not all educated people Unitarians? -- Where is the Evangelical Church? | |
| 506 | _aPublic domain in the USA. | ||
| 516 | _aElectronic text | ||
| 653 | _aUnitarianism | ||
| 653 | _aSermons | ||
| 830 | 0 |
_aProject Gutenberg _v18578 |
|
| 856 | 4 | 0 | _uhttp://www.gutenberg.org/ebooks/18578 |
| 942 | _cEB | ||
| 999 |
_c247833 _d247833 |
||